One Direction - Chanteurs par photo - Statistiques

Statistiques générales
  • Ce quiz a été pris 1 284 fois
  • Le résultat moyen est 5 sur 5
Statistiques - réponses
Par images Réponse % Correct
Harry
100%
Zayn
99%
Liam
98%
Louis
96%
Niall
95%
Aucun quiz correspondant
Distribution des résultats
% des personnes avec chaque résultat
Percentile par nombre de réponses
Votre historique - résultats
Vous n’avez pas pris ce quiz